|
|
|
|
| LEADER |
01335nam a2200277 a 4500 |
| 001 |
17227274 |
| 003 |
BD-DhAAL |
| 008 |
120327s2011 bg b 001 0 eng d |
| 010 |
|
|
|a 2012323960
|
| 020 |
|
|
|a 9789843346070
|
| 040 |
|
|
|a DLC
|c DLC
|d DLC
|d BD-DhAAL
|
| 082 |
0 |
0 |
|a 332.31095492
|2 22
|
| 100 |
1 |
|
|a Kamal, M. A.
|9 28604
|
| 245 |
1 |
0 |
|a Institutional credit for rural development in Bangladesh /
|c M.A. Kamal.
|
| 260 |
|
|
|a Dhaka :
|b National Academy for Planning and Development,
|c 2011.
|
| 300 |
|
|
|a xxii, 141 pages ;
|c 27 cm.
|
| 504 |
|
|
|a Includes bibliographical references (pages 139-140) and index.
|
| 541 |
|
|
|e Development Book Agency
|a 00025971, 33056
|
| 650 |
|
0 |
|a Rural credit
|z Bangladesh.
|9 28605
|
| 650 |
|
0 |
|a Rural development
|z Bangladesh.
|9 28606
|
| 710 |
2 |
|
|a National Academy for Planning and Development (Dhaka, Bangladesh).
|9 28607
|
| 852 |
1 |
|
|a Ayesha Abed Library
|j General Stacks
|
| 942 |
|
|
|2 ddc
|c BK
|
| 999 |
|
|
|c 12877
|d 12877
|
| 952 |
|
|
|0 0
|1 0
|2 ddc
|4 0
|6 332_310954920000000_KAM
|7 0
|9 21208
|a BRACUL
|b BRACUL
|c GEN
|d 2012-10-03
|e Development Book Agency
|g 500.00
|l 0
|o 332.31095492 KAM
|p 3010025971
|r 2012-10-04
|t 1
|w 2012-10-03
|y BK
|
| 952 |
|
|
|0 0
|1 0
|2 ddc
|4 0
|6 332_310954920000000_KAM
|7 0
|9 64524
|a BRACUL
|b BRACUL
|c GEN
|d 2012-10-03
|e Development Book Agency
|g 500.00
|l 1
|m 3
|o 332.31095492 KAM
|p 3010033056
|r 2024-02-27
|s 2024-01-29
|t 2
|w 2012-10-03
|y BK
|